书目信息 |
| 题名: |
审计事务所实务
|
|
| 作者: | 杜丽泽 | |
| 分册: | ||
| 出版信息: | 中央民族大学出版社 1997.08 |
|
| 页数: | 269页 | |
| 开本: | 32开 | |
| 丛书名: | ||
| 单 册: | ||
| 中图分类: | F239.222 | |
| 科图分类: | ||
| 主题词: | 审计 | |
| 电子资源: | ||
| ISBN: | 7-81001-922-8 | |
| 000 | 00516nam0 2200193 45 | |
| 001 | 0308271087 | |
| 005 | 20030827105722.4 | |
| 010 | @a7-81001-922-8@dRMB10.00 | |
| 100 | @a20030827d1997 km y0chiy0120 ea | |
| 101 | @achi | |
| 105 | @a z 000yy | |
| 200 | 1 | @a审计事务所实务@Ashen ji shi wu suo shi wu@f杜丽泽@Fdu li ze |
| 210 | @c中央民族大学出版社@d1997.08 | |
| 215 | @a269页@c无图表@d32开 | |
| 606 | 0 | @a审计 |
| 690 | @aF239.222@v3 | |
| 701 | 0 | @a杜丽泽 |
| 801 | @aCN@b@c20030827 | |
| 905 | @aBZT@dF239.222@e21 | |
| 审计事务所实务/杜丽泽.-中央民族大学出版社,1997.08 |
| 269页:无图表;32开 |
| ISBN 7-81001-922-8:RMB10.00 |
| ● |
| 相关链接 |
|
|
|
正题名:审计事务所实务
索取号:F239.222/21
 
预约/预借
| 序号 | 登录号 | 条形码 | 馆藏地/架位号 | 状态 | 备注 |
| 1 | 86487 | 200259790 | 中心书库北库/ 北库008架B面5列5层16/ [索取号:F239.222/21] | 在馆 | |
| 2 | 86488 | 200259807 | 中心书库北库/ 北库009架A面2列5层33/ [索取号:F239.222/21] | 在馆 | |
| 3 | 86489 | 200259781 | 中心书库北库/ 北库009架A面2列5层34/ [索取号:F239.222/21] | 在馆 |